00736nam a22002057a 4500003000200000005001700002008004100019020002200060050002500082100002700107245006400134260003300198300003300231500002700264504005100291650002700342942001200369999001900381952013000400020230918112718.0230918b xxu||||| |||| 00| 0 eng d a978-1-77469-136-6 aQA 76.9 b.D377 2022 aDe Luna, Alvin Albuero aEssentials of user interface designcAlvin De Luna Albuero  aCanadabArcler Presscc2022. axviii, 233 pages ; c24 cm.  aUser interface design. aIncludes bibliographical references and index. aUser interface design. 2lcccBK c365311d365311 00102lcc40aCLbCLcRESd2023-09-18eLibrary FundkRESl0oQA 76.9 .D377 2022pC23017r2023-09-18 00:00:00w2023-09-18yBK